Predpoklady tvorby

Akceptovanie novej štruktúry poznatkov ekonomickej teórie, potreba údajovej základne plne zodpovedajúcej rámcu určeného teóriou. Makroekonomické modelovanie. Zdroje makroekonomických údajov. Oblasť merania ekonomickej aktivity. Definovanie veličín hrubý národný produkt (HNP), hrubý domáci produkt (H...

Descrizione completa

Salvato in:
Dettagli Bibliografici
Autore principale: Husár, Jaroslav
Natura: Capitolo di libro
Lingua:slovacco
Soggetti:
Tags: Aggiungi Tag
Nessun Tag, puoi essere il primo ad aggiungerne!!

MARC

LEADER 00000naa a2200000 4500
001 r000515
005 20221214064814.9
041 0 |a slo 
044 |a SK 
245 1 0 |a Predpoklady tvorby  |c Jaroslav Husár 
520 |a Akceptovanie novej štruktúry poznatkov ekonomickej teórie, potreba údajovej základne plne zodpovedajúcej rámcu určeného teóriou. Makroekonomické modelovanie. Zdroje makroekonomických údajov. Oblasť merania ekonomickej aktivity. Definovanie veličín hrubý národný produkt (HNP), hrubý domáci produkt (HDP), národný dôchodok (ND). Určovanie množiny potrebných štatistických údajov. Ukážky potrebného postupu vedeckého definovania databázy súčasného ekonomického systému. 
610 2 0 |a teórie ekonomické 
610 2 0 |a modelovanie 
610 2 0 |a meranie produkcie 
610 2 0 |a makroekonomika 
610 2 0 |a aktivita hospodárska 
610 2 0 |a produkt domáci hrubý 
610 2 0 |a produkt národný hrubý 
610 2 0 |a dôchodok národný 
610 2 0 |a údaje štatistické 
610 2 0 |a báza dát 
100 1 |a Husár, Jaroslav